| 000 | 00533nam a2200169 4500 | ||
|---|---|---|---|
| 999 |
_c1608 _d1608 |
||
| 008 | 200127b ||||| |||| 00| 0 eng d | ||
| 082 | 0 | 0 |
_a621.1 _bM8891 |
| 100 |
_9932 _aMorton, Thomas D. |
||
| 245 | 1 | 0 |
_aReed's Vol. 9: Steam engineering knowledge for marine engineers / _cby Thomas D. Morton |
| 250 | _a2nd ed. | ||
| 260 |
_aSunderland: _bThomas Reed Publication, _c1974. |
||
| 300 | _a275 p. | ||
| 490 | 0 |
_aReed's Marine Engineering Series; _vVol. 9 |
|
| 650 | 0 | _aSteam Engineering | |
| 650 | 0 | _aMarine Engines | |
| 942 |
_2ddc _cBK |
||